Rozpozna polityka po zdjęciu - Statystyki

Ogólne statystyki
  • Ten quiz został rozwiązany 1 580 razy
  • Średni wynik to 12 z 20
Statystyki odpowiedzi
Obrazkowy Hint Odpowiedź % Poprawnych
Polska Jarosław Kaczyński
98%
Polska Janusz Korwin-Mikke
97%
USA Donald Trump
96%
Korea Północna Kim Dzong Un
90%
Niemcy Angela Merkel
89%
Francja Emmanuel Macron
86%
Polska Ewa Kopacz
85%
Polska Małgorzata Kidawa-Błońska
82%
Polska Grzegorz Braun
81%
Polska Grzegorz Schetyna
76%
Wielka Brytania Boris Johnson
69%
Polska Elżbieta Witek
64%
Niemcy Ursula von der Leyen
50%
Rosja Dmitrij Miedwiediew
36%
USA Mike Pence
36%
Polska Marian Banaś
35%
USA Bernie Sanders
30%
Iran Ghasem Solejmani
15%
Wielka Brytania Jeremy Corbyn
9%
Rosja Michaił Miszustin
5%
Nie znaleziono quizów pasujących do podanych kryteriów
Rozkład punktacji
Procent ludzi z każdym wynikiem
Percentyl według liczby udzielonych odpowiedzi
Twoja historia wyników
Nie rozwiązałeś tego quizu